Statistics for The Cook Islands (with some help)

Click here to take the quiz!

General Stats

  • This quiz has been taken 20 times
  • The average score is 8 of 15

Answer Stats

pop'nisland% Correct
1771Aitu{taki}
82%
60Palmers{ton}
82%
10,572Raro{tonga}
82%
451Puka{puka}
59%
468A{tiu}
53%
562Mang{aia}
53%
238Mani{hiki}
53%
73Nas{sau}
53%
213Penr{hyn}
53%
2Suwar{row}
53%
300Ma{uke}
47%
77Raka{hanga}
47%
0Man{uae}
41%
189Miti{aro}
41%
0Taku{tea}
41%

Score Distribution

Percentile by Number Answered

Percent of People with Each Score

Your Score History

You have not taken this quiz